| 000 | 02460nam a2200409Ia 4500 | ||
|---|---|---|---|
| 003 | PE SENCICO BE | ||
| 005 | 20260219162618.0 | ||
| 008 | 200515s9999 xx 000 0 und d | ||
| 020 | _a84-7841-009-0 (OBRA COMPLETA) | ||
| 040 |
_aPE SENCICO BE _cPE SENCICO BE |
||
| 041 | _aspa | ||
| 082 |
_aR 690 _bM43 1990 |
||
| 100 | 1 |
_aMerritt, Frederick S. _9121 _eautor |
|
| 245 | 1 | 0 |
_aEnciclopedia de la construcción : _barquitectura e ingeniería / _cFrederick s. Merrit |
| 250 | _a4a ed. | ||
| 260 |
_aBarcelona : _bGrupo Editorial Oceano ; _c1990 |
||
| 300 |
_avolúmenes : _btablas, gráficos ; _c26 cm. |
||
| 505 | 0 | _aSistemas de construcción -- Arquitectura: negocio, arte, profesión -- Protección de estructuras y sus ocupantes contra siniestros -- Materiales de construcción -- Teoría estructural -- Mecánica de suelos y cimentación -- Construcción con madera -- Construcción con acero estructural -- Construcción con acero formado en frío -- Construcción en concreto -- Diseño racional con obra de albañilería -- Muros, tabiques y acabados interiores -- Ventanas -- Puertas -- Techumbres -- Herrajes para la construcción -- Acústica -- Calefacción, ventilación y acondicionamiento de aire -- Fontanería: sistemas de suministro de agua, rociadores automáticos contra incendios y drenaje de aguas de desecho -- Energía eléctrica -- Iluminación -- Circulación vertical -- Levantamientos -- Cálculo de costos de construcción -- Administración de construcciones -- Especificaciones | |
| 520 | 3 | _aDescribe de manera particular los principios fundamentales y su aplicación práctica, dedicando especial atención a los procedimientos simplificados. Ofrece también información detallada sobre las técnicas y procedimientos mas modernos y presenta los más recientes avances en el campo del diseño y de la construcción | |
| 650 | 1 | 0 |
_aConstrucción _9339 |
| 650 | 2 | 0 |
_aConstrucciones de madera _9340 |
| 650 | 2 | 0 |
_aConstrucciones metálicas _9341 |
| 650 | 2 | 0 |
_aMateriales de construcción _9308 |
| 650 | 2 | 0 |
_aAsfalto _9342 |
| 650 | 2 | 0 |
_aArquitectura _9343 |
| 650 | 2 | 0 |
_aDiseño de estructuras _9344 |
| 650 | 2 | 0 |
_aMecánica de suelos _9345 |
| 650 | 2 | 0 |
_aMetales _9311 |
| 650 | 2 | 0 |
_aMadera _9310 |
| 650 | 2 | 0 |
_aMuros _9346 |
| 650 | 2 | 0 |
_aPlásticos _9313 |
| 650 | 2 | 0 |
_aAglomerantes _9347 |
| 650 | 2 | 0 |
_aRecubrimientos _9348 |
| 650 | 2 | 0 |
_aVidrios _9314 |
| 710 | 1 |
_aGrupo Editorial Oceano _9122 |
|
| 942 |
_cLIB _2ddc |
||
| 999 |
_c2843 _d2843 |
||